Statistics for Countries Closest to the Netherlands

Click here to take the quiz!

General Stats

  • This quiz has been taken 19 times
  • The average score is 14 of 15

Answer Stats

kmAnswer% Correct
0Belgium
100%
535Denmark
100%
694France
100%
0Germany
100%
949Norway
100%
442United Kingdom
100%
936Austria
94%
630Switzerland
94%
709Czech Republic
88%
923Ireland
88%
669Liechtenstein
88%
950Poland
88%
264Luxembourg
82%
978Monaco
82%
985Slovakia
59%

Score Distribution

Percentile by Number Answered

Percent of People with Each Score

Your Score History

You have not taken this quiz